Equipe Type Bayern 2020 - Statistiques

Statistiques générales
  • Ce quiz a été pris 153 fois
  • Le résultat moyen est 9 sur 11
Statistiques - réponses
Hint Réponse % Correct
GK Manuel Neuer
99%
MOC Thomas Muller
98%
BU Robert Lewandowski
96%
RB Joshua Kimmich
93%
MG Kingsley Coman
91%
MD Serge Gnabry
90%
LB Alphonso Davies
87%
MC Leon Goretzka
85%
CB Jerome Boateng
82%
CB David Alaba
60%
MC Thiago
51%
Aucun quiz correspondant
Distribution des résultats
% des personnes avec chaque résultat
Percentile par nombre de réponses
Votre historique - résultats
Vous n’avez pas pris ce quiz